000 00268nam a22001097a 4500
008 240715b |||||||| |||| 00| 0 eng d
100 _aSharma, Devdutt
_917065
245 _aBhakta Kabir
260 _aAjmer:
_c1965.
_bSunder Sahitya Pub;
300 _a180p.
942 _cBK
999 _c40395
_d40395